Vista normal Vista MARC

Entrada Corporate Name

Número de registros utilizados en: 2

001 - CONTROL NUMBER

  • control field: 3736

003 - CONTROL NUMBER IDENTIFIER

  • control field: OSt

005 - DATE AND TIME OF LATEST TRANSACTION

  • control field: 20200429185143.0

008 - FIXED-LENGTH DATA ELEMENTS

  • fixed length control field: 200429|| aca||aabn | a|a d

040 ## - CATALOGING SOURCE

  • Original cataloging agency: OSt
  • Transcribing agency: OSt

110 ## - HEADING--CORPORATE NAME

  • Corporate name or jurisdiction name as entry element: Colombia.
  • Subordinate unit: Presidente, (1990-1994 : Gaviria)

670 ## - SOURCE DATA FOUND

  • Source citation: Work cat.: (OSt)5231: Colombia. Presidente, (1990-1994 : Gaviria), Palabras del señor presidente de la república, César Gaviria Trujillo, al clausurar las sesiones de la Asamblea constituyente : , 1991